The position of women in Hindu civilization, from prehistoric times to the present day / (Record no. 61363)
[ view plain ]
| 000 -LEADER | |
|---|---|
| fixed length control field | 01115nam a2200325 a 4500 |
| 001 - CONTROL NUMBER | |
| control field | 61363 |
| 003 - CONTROL NUMBER IDENTIFIER | |
| rucl marc code | BD-RjUL |
| 005 - DATE AND TIME OF LATEST TRANSACTION | |
| control field | 20211209080942.0 |
| 008 - FIXED-LENGTH DATA ELEMENTS--GENERAL INFORMATION | |
| fixed length control field | 170117s1956 ii f b 001 0 eng d |
| 035 ## - SYSTEM CONTROL NUMBER | |
| System control number | (BD-RjUL)61487 |
| System control number | (OCoLC)04300883 |
| System control number | GLIS00360001 |
| 040 ## - CATALOGING SOURCE | |
| Original cataloging agency | AKR |
| Transcribing agency | AKR |
| Modifying agency | m.c. |
| -- | BD-RjUL |
| Language of cataloging | eng |
| 041 ## - LANGUAGE CODE | |
| Language code of text/sound track or separate title | eng |
| 082 ## - DEWEY DECIMAL CLASSIFICATION NUMBER | |
| Edition number | 23 |
| Classification number | 305.420954 |
| Author mark and year | ALP 1956 |
| 090 ## - LOCALLY ASSIGNED LC-TYPE CALL NUMBER (OCLC); LOCAL CALL NUMBER (OCLC) | |
| Classification number (OCLC) (R) ; Classification number, CALL (RLIN) (NR) | HQ1742.A3 |
| Local cutter number (OCLC) ; Book number/undivided call number, CALL (RLIN) | A45 1962 |
| Classification number (OCLC) (R) ; Classification number, CALL (RLIN) (NR) | HQ1742 |
| Local cutter number (OCLC) ; Book number/undivided call number, CALL (RLIN) | .A466 1962 |
| 099 ## - LOCAL FREE-TEXT CALL NUMBER (OCLC) | |
| Bangla Class number | HQ1742.A3.A45 1962 |
| 100 1# - MAIN ENTRY--PERSONAL NAME | |
| Personal name | Altekar, Anant Sadashiv. |
| 9 (RLIN) | 182980 |
| 245 14 - TITLE STATEMENT | |
| Title | The position of women in Hindu civilization, from prehistoric times to the present day / |
| Statement of responsibility, etc. | A. S. Altekar. |
| 260 ## - PUBLICATION, DISTRIBUTION, ETC. (IMPRINT) | |
| Place of publication, distribution, etc. | Delhi : |
| Name of publisher, distributor, etc. | Motilal Banarsidass, |
| Date of publication, distribution, etc. | 1956 |
| 300 ## - PHYSICAL DESCRIPTION | |
| Pagination | xii, 380 p. : |
| Illustrations | ill. ; |
| Size | 23 cm. |
| 500 ## - GENERAL NOTE | |
| General note | 1st ed., 1938, published by Culture Publications House, Benaras Hindu University, Benaras. |
| General note | Includes quotations in Sanskrit. |
| 504 ## - BIBLIOGRAPHY, ETC. NOTE | |
| Bibliography, etc | Includes Bibliography: [371]-374. and index. |
| 650 #0 - SUBJECT ADDED ENTRY--TOPICAL TERM | |
| Topical term or geographic name as entry element | Women |
| Geographic subdivision | India. |
| 9 (RLIN) | 171522 |
| Topical term or geographic name as entry element | Hindu civilization. |
| 9 (RLIN) | 182981 |
| 942 ## - ADDED ENTRY ELEMENTS (KOHA) | |
| Source of classification or shelving scheme | Dewey Decimal Classification |
| Koha item type | Books |
| 949 ## - LOCAL PROCESSING INFORMATION (OCLC) | |
| a | MYGH |
| l | H*WSRR |
| b | 39080004408594 |
| Lost status | Source of classification or shelving scheme | Damaged status | Not for loan | Collection code | Permanent Location | Current Location | Shelving location | Date acquired | Source of acquisition | Cost, normal purchase price | Total Checkouts | Full call number | Date last seen | Copy number | Koha item type |
|---|---|---|---|---|---|---|---|---|---|---|---|---|---|---|---|
| Dewey Decimal Classification | Not For Loan | Non-fiction | Central Library, University of Rajshahi | Central Library, University of Rajshahi | Reading Room | 07/12/1965 | Zeithlinger. | 37.00 | 305.420954 ALP 1956 | 17/01/2017 | C-1 | Books |